Bezpečnostní systém ČR : problémy a výzvy /

Hlavní autor: Balabán, Miloš, 1962-
Další autoři: Pernica, Bohuslav, 1973-
Jazyk: Čeština
Vydáno: Praha : Univerzita Karlova v Praze, nakladatelství Karolinum, 2015
Vydání: Vydání první
Témata:
Externí odkaz: Digitalizovaný dokument
Fyzický popis: 310 stran : ilustrace ; 21 cm
Language note: Anglické resumé
Knihy
Uloženo v:
LEADER 02083nam a2200517 i 4500
001 nkc20152733779
003 CZ PrNK
005 20240408235007.0
007 ta
008 150930s2015 xr a f 000 0 cze
015 |a cnb002733779 
020 |a 978-80-246-3150-9  |q (brožováno) 
035 |a (OCoLC)939571604 
040 |a ABA001  |b cze  |e rda 
041 0 |a cze  |b eng 
072 7 |a 351  |x Úkoly veřejné správy, správní opatření, legislativa  |2 Konspekt  |9 15 
080 |a 355.02  |2 MRF 
080 |a 351.74/.75  |2 MRF 
080 |a (437.3)  |2 MRF 
080 |a (048.8:082)  |2 MRF 
100 1 |a Balabán, Miloš,  |d 1962-  |7 jn20001227527  |4 aut 
245 1 0 |a Bezpečnostní systém ČR :  |b problémy a výzvy /  |c Miloš Balabán, Bohuslav Pernica a kolektiv 
250 |a Vydání první 
264 1 |a Praha :  |b Univerzita Karlova v Praze, nakladatelství Karolinum,  |c 2015 
300 |a 310 stran :  |b ilustrace ;  |c 21 cm 
336 |a text  |b txt  |2 rdacontent 
337 |a bez média  |b n  |2 rdamedia 
338 |a svazek  |b nc  |2 rdacarrier 
504 |a Obsahuje bibliografii a bibliografické odkazy 
546 |a Anglické resumé 
650 0 7 |a bezpečnostní politika  |7 ph118836  |z Česko  |2 czenas 
650 0 7 |a vnitřní bezpečnost  |7 ph116711  |z Česko  |2 czenas 
650 0 7 |a národní bezpečnost  |7 ph123426  |z Česko  |2 czenas 
650 0 9 |a security policy  |z Czechia  |2 eczenas 
650 0 9 |a internal security  |z Czechia  |2 eczenas 
650 0 9 |a national security  |z Czechia  |2 eczenas 
655 7 |a kolektivní monografie  |7 fd501537  |2 czenas 
655 9 |a collective monographs  |2 eczenas 
700 1 |a Pernica, Bohuslav,  |d 1973-  |7 mzk2005300517  |4 aut 
856 4 1 |u https://www.digitalniknihovna.cz/mzk/uuid/uuid:4a779cf0-dadb-11ee-8ea1-5ef3fc9bb22f  |y Digitalizovaný dokument  |x NDK 
910 2 |a BOA001  |b 2-1362.034 
928 9 |a Karolinum 
990 |a BK 
995 |a 01 
996 7 |b 2610659650  |c 2-1362.034  |l MZK  |r Sklad / do 1 hodiny  |n 36  |p kup  |w 001539343  |u 000020  |a 1  |e BOA001  |j MZK50  |s A 
996 6 |b 2610659651  |c 2-1362.034  |l MZK  |r Sklad / do 1 hodiny  |n 31  |p p.v.  |w 001539343  |u 000010  |a 1  |e BOA001  |j MZK50  |s P